00363nam a22001457a 4500003000500000005001700005008004100022020001800063040000600081082001400087100001200101245006300113260002700176300001400203CEME20210628202210.0210113b xxu||||| |||| 00| 0 eng d a9780415441935 c. a621.3 KUM aKumar,P aHydraulic machines fundamentals of hydraulic power systems aINDIAbCRC PRESSc2012 aXIX, 361P